Statistics for Basketball Uniform Numbers (NBA)

Click here to take the quiz!

General Stats

  • This quiz has been taken 13,019 times
    (6,522 since last reset)
  • The average score is 19 of 36

Answer Stats

Player#% Correct
Michael Jordan23
100%
Kobe Bryant24
94%
Stephen Curry30
90%
Magic Johnson32
82%
Larry Bird33
81%
Shaquille O'Neal34
80%
Kevin Durant35
74%
Chris Paul3
74%
Tim Duncan21
73%
Damian Lillard0
73%
Dirk Nowitzki41
69%
DeMarcus Cousins0
67%
Kevin Love0
65%
Carmelo Anthony7
64%
Bill Russell6
62%
DeMar DeRozan10
60%
Oscar Robertson1
59%
Wilt Chamberlain13
58%
LaMarcus Aldridge12
53%
Jason Kidd5
48%
Isiah Thomas11
44%
Jerry West44
43%
Manu Ginobili20
42%
Pau Gasol16
39%
Reggie Miller31
37%
David Robinson50
36%
Roy Hibbert55
33%
Elgin Baylor22
30%
Moses Malone2
27%
John Havlicek17
24%
Bob Pettit9
22%
Bob Cousy14
19%
George Mikan99
16%
Dave Cowens18
13%
Willis Reed19
11%
Dolph Schayes4
9%

Score Distribution

Percentile by Number Answered

Percent of People with Each Score

Your Score History

You have not taken this quiz since the last reset